00763nam a2200217Ii 45000010005000000030009000050080041000140400033000550410008000880840011000961000034001072450033001412640069001743000012002433360026002553370028002813380027003099400050003369990017003869520142004039786CO-ViMGA241108s9999||||xx |||||||||||||| ||und|| aCO-ViMGAbspaerdacCO-ViMGA0 aunk aLI-1791 aIrene Vasco de Peralta95512410aDon salomón y la peluquera 1a[Lugar de publicación no identificado] : Carlos Valencia, 1989 avolumen atextbtxt2rdacontent aunmediatedbn2rdamedia avolumebnc2rdacarrier aidficha_siabuc: 9570. -- ficha_no_siabuc:9786 c52532d52532 001040708001aMEVIGERRbMEVIGERRcGENd2006-11-27hVol.1l0oLI-179pECA10305r2024-11-26 10:09:15tEj.1w2024-11-26yBKz9570 | 13118